Statistics for Cities Starting With X

Click here to take the quiz!

General Stats

  • This quiz has been taken 7 times
  • The average score is 4 of 11

Answer Stats

Cities% Correct
Xiamen
100%
Xi’an
100%
Xuzhou
57%
Xi’ning
43%
Xiangyang
29%
Xianyang
29%
Xinxiang
29%
Xiangtan
14%
Xingtai
14%
Xinyang
14%
Xuchang
14%

Score Distribution

Percentile by Number Answered

Percent of People with Each Score

Your Score History

You have not taken this quiz